| 000 | 00382nam a2200133Ia 4500 | ||
|---|---|---|---|
| 001 | 3861 | ||
| 008 | 241024s9999 xx 000 0 und d | ||
| 082 | _aRD/370.44/R426o | ||
| 100 | _aRepública Dominicana. Ministerio de Educación MINERD | ||
| 245 | 0 | _aOrganización del tiempo y recursos pedagógicos | |
| 260 | _bSanto Domingo | ||
| 901 | _a17/11/2014 3:44:41 p.m. | ||
| 999 |
_c9252 _d9252 |
||